| 000 | 00000nam 2200000zi 4500 |
| 001 | 9.947087 |
| 003 | CaOODSP |
| 005 | 20250127112344 |
| 006 | m o d f |
| 007 | cr bn||||||||| |
| 008 | 250117t20252025onc oz f000 0 fre d |
| 020 | |a9780660753126 |
| 040 | |aCaOODSP|bfre|erda|cCaOODSP |
| 041 | 0 |aeng|afre |
| 043 | |an-cn---|an-us--- |
| 086 | 1 |aFR4-2024/22-PDF |
| 130 | 0 |aAccord de coopération entre le Gouvernement du Canada et le Gouvernement des États-Unis d'Amérique concernant les emplois civils de l'énergie atomique |d(1955 juin 15). |kProtocoles, etc. |d(2023 juin 26) |
| 245 | 10|aUnited States of America / Nuclear - Exchange of Letters constituting an agreement with regard to Article XII(D) of the Agreement for Co-operation Concerning Civil Uses of Atomic Energy between the Government of Canada and the Government of the United States of America, done at Washington on 15 June 1955, as amended = |bÉtats-Unis d'Amérique / Énergie nucléaire - Échange de lettres constituant un accord relatif à l'article XII (d) de l'Accord de coopération concernant les emplois civils de l'énergie atomique entre le Gouvernement du Canada et le Gouvernement des États-Unis d'Amérique, fait à Washington le 15 juin 1955, tel que modifié. |
| 246 | 11|aÉtats-Unis d'Amérique / Énergie nucléaire - Échange de lettres constituant un accord relatif à l'article XII (d) de l'Accord de coopération concernant les emplois civils de l'énergie atomique entre le Gouvernement du Canada et le Gouvernement des États-Unis d'Amérique, fait à Washington le 15 juin 1955, tel que modifié |
| 264 | 1|a[Ottawa] : |bTreaty Law Division of the Department of Foreign Affairs, Trade and Development = Direction du droit des traités du Ministère des affaires étrangères, du commerce et du développement, |c[2025] |
| 264 | 4|a©2025 |
| 300 | |a1 ressource en ligne (4, 4 pages). |
| 336 | |atexte|btxt|2rdacontent/fre |
| 337 | |ainformatique|bc|2rdamedia/fre |
| 338 | |aressource en ligne|bcr|2rdacarrier/fre |
| 490 | 1 |aTreaty series = |aRecueil des traités ; |v2024/22 |
| 500 | |a« Fait à Washington le 26 juin 2023 et à Ottawa le 7 juillet 2023. En vigueur le 31 octobre 2024. » |
| 500 | |aNumérotation répétée sur les pages suppléants. |
| 546 | |aTexte en anglais et en français. |
| 650 | 6|aDroit nucléaire|zCanada|vLégislation. |
| 650 | 6|aDroit nucléaire|zÉtats-Unis|vLégislation. |
| 651 | 6|aCanada|xRelations extérieures|vTraités. |
| 651 | 6|aÉtats-Unis|xRelations extérieures|vTraités. |
| 655 | 7|aTraiteĢs|2rvmgf |
| 710 | 1 |aCanada. |bAffaires mondiales Canada. |bDirection du droit des traités, |eorganisme de publication. |
| 710 | 1 |aCanada, |eparticipant à un traité. |
| 710 | 1 |aÉtats-Unis, |eparticipant à un traité. |
| 788 | |tUnited States of America / Nuclear - Exchange of Letters constituting an agreement with regard to Article XII(D) of the Agreement for Co-operation Concerning Civil Uses of Atomic Energy between the Government of Canada and the Government of the United States of America, done at Washington on 15 June 1955, as amended = |eeng|w(CaOODSP)9.947083 |
| 830 | #0|aCanada treaty series ;|v2024/22.|w(CaOODSP)9.811738 |
| 856 | 40|qPDF|s436 Ko|uhttps://publications.gc.ca/collections/collection_2025/amc-gac/FR4-2024-22.pdf |